008710000a22002050004500090001400000245003300014300000900047500003900056650003200095650003600127650003100163650002800194041001300222100003100235260000900266942001300275773020200288999001700490952015800507 aARb0393210aCase study 6sBioprospecting a1-12 a14aRecursos genéticos99275714aConvenios internacionales9387914aDesarrollo regional99358814aBioprospección9938720 aInglés1 aVogel, Joseph Henry915007 c1997 cARTICULO1 tWhite paperkfinal report commissioned by the biodiversity support program on behalf of the inter - American commission on biodiversity and sustainable development, Santa Cruz de la Sierra, Bolivia c12966d12966 001040718HEMEROTECAaBogotabBogotad2015-02-27hFuera de circulaciónl0oAR 03932p017485r2015-03-25 00:00:00t1w2015-03-25xDonaciónyARTICULO